| 000 | 00616nam a2200193Ia 4500 | ||
|---|---|---|---|
| 005 | 20250508160432.0 | ||
| 008 | 008 250505s9999 xx 000 0 eng d | ||
| 037 | _aTextual | ||
| 040 |
_aFEDL _beng _cFEDL |
||
| 041 |
_aeng _2eng |
||
| 084 |
_a301.441, PAT _qFEDL |
||
| 100 |
_aPatterson Orlando _9282222 |
||
| 245 | 0 | _aSociology of slavery : An analysis of the origins, development and structure of Negro slave society in Jamaica | |
| 260 |
_aLondon, UK _bMacgibbon and Kee Ltd. _c1967 |
||
| 300 | _a310p. | ||
| 650 | _aSociology | ||
| 942 |
_cTEXL _h301.441, PAT |
||
| 999 |
_c1364588 _d1364588 |
||